Años en la historia #2 - Opción múltiple - Estadísticas

Estadísticas generales
  • Esta prueba ha sido intentada 2.507 veces
    2.288 desde el último reinicio
  • La puntuación promedio es 11 de 20
Estadísticas de respuestas
Pregunta Respuesta % Correcto
Japón y Alemania se rinden, finalizando la Segunda Guerra Mundial. 1945
98%
Ataques del 11 de septiembre en Estados Unidos. 2001
98%
Francisco Franco da un golpe de estado contra la Segunda República Española. 1936
75%
Los cristianos completan la 'Reconquista' al derrotar al último reino islámico en España. 1492
66%
La esclavitud es abolida en el Imperio Británico. 1833
66%
Julio César es asesinado. 44 a. C.
64%
La Constitución de los Estados Unidos es ratificada. 1788
52%
Johannes Gutenberg inventa la imprenta. 1450
51%
Thomas Jefferson compra territorio de Luisiana a Francia. 1803
50%
La crisis de los misiles en Cuba. 1962
50%
Juan Carlos abdica el trono del Reino de España. 2014
49%
La Gran Pirámide de Giza completada (aproximadamente). 2560 a. C.
46%
Inglaterra y Escocia se unen por las Actas de Unión. 1707
44%
Abraham Lincoln es asesinado. 1865
44%
Una panadería en Pudding Lane inicia el Gran Incendio de Londres. 1666
42%
Las colonias británicas se unen para convertirse en el Dominio de Canadá. 1867
41%
Los cristianos capturan Jerusalén durante la Primera Cruzada. 1099
40%
Juan Sebastián Elcano muere en el Pacífico mientras intenta una circunnavegación de la Tierra. 1526
40%
Enrique V derrota a los franceses en la batalla de Agincourt. 1415
37%
Muere la reina Isabel I y pone fin a la dinastía Tudor. 1603
37%
No se encontraron pruebas coincidentes
Distribución de puntuación
Porcentaje de gente con cada puntuación
Porcentaje por número respondido
Historial de tus puntuaciones
No has intentado esta prueba desde el último reinicio